000 00585nam a2200205Ii 4500
003 JO-AjNU
008 230605s9999||||xx |||||||||||||| ||und||
040 _aJO-AjNU
_bara
_erda
_cJO-AjNU
041 _aara
050 1 4 _aBF128.1992
100 3 _aحمصي،انطون,
_eauthor
_915272
245 0 0 _aعلم النفس العام، ج2
250 _aط2
264 3 1 _aدمشق:جامعة دمشق ،1992
300 _aج2، 232ص
336 _atext
_btxt
_2rdacontent
337 _aunmediated
_bn
_2rdamedia
338 _avolume
_bnc
_2rdacarrier
650 4 _aعلم النفس
_915273
999 _aA4273
_c7841
_d7841